000 00273nam a2200097Ia 4500
082 _a616.143 CAMP
245 0 _aUnderstanding varicose veins
100 _a CAMPBELL, Bruce Poole, Dorset, 2003
_996530
942 _cBK
008 210817s9999 xx 000 0 und d
999 _c405878
_d405877